000 00363nam a2200133Ia 4500
008 191201s2004 xx 000 0 und d
082 _a004.22
_bNUE
100 _aNULL, Linda
245 4 _aThe Essentials of Computer Organization and Architecture
260 _aN.Delhi
_bNarosa Publication House
_c2004
300 _a673
650 _aB.Tech(CSE)
942 _2ddc
_cBK
999 _c1830
_d1830